Tesoros de la National Gallery Washington / (Record no. 10450)

MARC details
000 -LEADER
campo de control de longitud fija 00861nam a2200229 i 4500
001 - NÚMERO DE CONTROL
campo de control 10450
003 - IDENTIFICADOR DE NÚMERO DE CONTROL
campo de control ES-MaACL
005 - FECHA Y HORA DE LA ÚLTIMA TRANSACCIÓN
campo de control 20251223063015.0
007 - CAMPO FIJO DE DESCRIPCIÓN FÍSICA--INFORMACIÓN GENERAL
campo de control de longitud fija t|
008 - DATOS DE LONGITUD FIJA--INFORMACIÓN GENERAL
campo de control de longitud fija 190701s1964 sp ||||1| spa d
100 1# - ENTRADA PRINCIPAL--NOMBRE DE PERSONA
Nombre de persona Walker, John,
Fechas asociadas al nombre 1906-
9 (RLIN) 115931
245 10 - MENCIÓN DEL TÍTULO
Título Tesoros de la National Gallery Washington /
Mención de responsabilidad, etc. John Walker ; traducción de Juan Massot Gimeno... ; revisión y dirección, Teodoro Miciano.
260 ## - PUBLICACIÓN, DISTRIBUCIÓN, ETC.
Lugar de publicación, distribución, etc. Madrid :
Nombre del editor, distribuidor, etc. Daimon,
Fecha de publicación, distribución, etc. 1964.
300 ## - DESCRIPCIÓN FÍSICA
Extensión 336 p., 16, 7 lám. ;
Dimensiones 21 cm.
490 1# - MENCIÓN DE SERIE
Mención de serie Colección "Tesoros de los Grandes Museos" ;
Designación de volumen o secuencia 11
610 24 - PUNTO DE ACCESO ADICIONAL DE MATERIA--NOMBRE DE ENTIDAD CORPORATIVA
Nombre de entidad corporativa o nombre de jurisdicción como elemento de entrada National Gallery of Art (Estados Unidos)
9 (RLIN) 5971
700 1# - ENTRADA AGREGADA--NOMBRE PERSONAL
Nombre de persona Massot Gimeno, Juan.
9 (RLIN) 78859
700 1# - ENTRADA AGREGADA--NOMBRE PERSONAL
Nombre de persona Miciano, Teodoro,
Fechas asociadas al nombre 1903-1974
9 (RLIN) 80944
830 00 - PUNTO DE ACCESO ADICIONAL DE SERIE-TÍTULO UNIFORME
Título uniforme Colección "Tesoros de los grandes museos"
Designación de volumen o secuencia 11
9 (RLIN) 178969
852 ## - LOCALIZACIÓN
Ubicación ES-MaACL
Número de control de estantería P-583-Bis-11
Holdings
Estatus retirado Estado de pérdida Estado de daño No para préstamo Biblioteca de origen Biblioteca actual Ubicación en estantería Fecha de adquisición Fuente de adquisición Total de préstamos Signatura topográfica completa Código de barras Visto por última vez Precio de reemplazo Tipo de ítem Koha
        Biblioteca del Ateneo de Madrid Biblioteca del Ateneo de Madrid Depósito 2 01/07/2019     P-583-Bis-11 1200954 23/02/2023 23/02/2023 Libro impreso